ბათუმის შოთა რუსთაველის სახელმწიფო უნივერსიტეტის ბიბლიოთეკა

პოლიტიკის მეცნიერების კვლევის მეთოდები / (ბიბ.ჩანაწერი № 49555)

000 -ლიდერი
ფიქსირებული სიგრძის საკონტროლო ველი 02358nam a2200385Ia 4500
001 - საკონტროლო ნომერი
საკონტროლო ველი 16487
003 - საკონტროლო ნომრის იდენტიფიკატორი
საკონტროლო ველი GE_BSU
005 - ბოლო ოპერაციის თარიღი და დრო
საკონტროლო ველი 20240124172332.0
008 - ფიქსირებული სიგრძის მონაცემთა ელემენტები - ზოგადი ინფორმაცია
ფიქსირებული სიგრძის საკონტროლო ველი 181216s2013||||ge |||||||||||||| ||geo||
020 ## - წიგნის საერთაშორისო სტანდარტული ნომერი
International Standard Book Number 9789941181597
040 ## - კატალოგიზაციის წყარო
Transcribing agency GE_BSU
041 ## - ენის კოდი
Language code of text/sound track or separate title geo
080 ## - უნივერსალური ათობითი კლასიფიკაციის ინდექსი
Universal Decimal Classification number 32.001 ჯ-69
100 ## - მთავარი ჩანაწერი - პიროვნების სახელი
Personal name ჯონსონი, ჯანეტ ბუტოლფ
9 (RLIN) 21047
245 ## - ცნობა სათაურის შესახებ
Title პოლიტიკის მეცნიერების კვლევის მეთოდები /
Statement of responsibility, etc ჯანეტ ბუტოლფ ჯონსონი, ჰ.ტ. რეინოლდსი; ჯეისონ დ. მაიკოფთან ერთად ; მთარგმნ.: გიორგი გვალია [და სხვ.]; სამეცნ. რედ. დავით აფრასიძე, ნინო ჯავახიშვილი.
250 ## - გამოცემის ცნობა
Edition statement მე-6 გამოცემა
264 ## - წარმოების, გამოცემის, დისტრიბუციის და სხვა ცნობები
გამოცემის, წარმოების, დისტრიბუციის... ადგილი თბილისი :
გამოცემის, წარმოების, დისტრიბუციის... სახელწოდება ილიას სახელმწ. უნ-ტი,
გამოცემის, წარმოების, დისტრიბუციის... თარიღი 2013.
300 ## - ფიზიკური აღწერა
Extent 734 გვ. :
Other physical details გრაფ., ცხრ. ;
Dimensions 24 სმ
300 ## - ფიზიკური აღწერა
Other physical details დანართი: გვ. 709-714. - ბიბლიოგრ.: გვ. 715-734.
500 ## - ზოგადი შენიშვნა
General note დანართი: გვ. 709-714.
504 ## - BIBLIOGRAPHY, ETC. NOTE
Bibliography, etc ბიბლიოგრ.: გვ. 715-734.
653 ## - INDEX TERM--UNCONTROLLED
Uncontrolled term პოლიტოლოგია
700 ## - ADDED ENTRY--PERSONAL NAME
Personal name რეინოლდსი, ჰ.ტ.
Relator term ავტორი
9 (RLIN) 21112
700 ## - ADDED ENTRY--PERSONAL NAME
Personal name მაიკოფი, ჯეისონ დ.
Relator term ავტორი
9 (RLIN) 21113
700 ## - ADDED ENTRY--PERSONAL NAME
Personal name გვალია, გიორგი
Relator term მთარგმნელი
9 (RLIN) 3007
700 ## - ADDED ENTRY--PERSONAL NAME
Personal name იაშვილი, ზურაბ
Relator term მთარგმნელი
9 (RLIN) 21114
700 ## - ADDED ENTRY--PERSONAL NAME
Personal name კეკენაძე, მიხეილ
Relator term მთარგმნელი
9 (RLIN) 21115
700 ## - ADDED ENTRY--PERSONAL NAME
Personal name მაჩაბელი, ნატალია
Relator term მთარგმნელი
9 (RLIN) 21116
700 ## - ADDED ENTRY--PERSONAL NAME
Personal name სიხარულიძე, ტარიელ
Relator term მთარგმნელი
9 (RLIN) 21117
700 ## - ADDED ENTRY--PERSONAL NAME
Personal name ხეჩუაშვილი, ლილი
Relator term მთარგმნელი
9 (RLIN) 21118
700 ## - ADDED ENTRY--PERSONAL NAME
Personal name აფრასიძე, დავით
Relator term რედაქტორი
9 (RLIN) 21119
700 ## - ADDED ENTRY--PERSONAL NAME
Personal name ჯავახიშვილი, ნინო
Relator term რედაქტორი
9 (RLIN) 6695
942 ## - ADDED ENTRY ELEMENTS (KOHA)
Koha item type წიგნი
Source of classification or shelving scheme
ეგზემპლარები
ჩამოწერის სტატუსი დაკარგული ეგზემპლარის სტატუსი კლასიფიკაციის წყარო ან თაროზე გაწყობის სქემა დაზიანების სტატუსი არ გაიცემა მუდმივი მდებარეობა (დაცვის ადგილი) ამჟამინდელი ადგილსამყოფელი თაროზე განთავსების ადგილი შეძენის თარიღი ღირებულება, შესყიდვის ნორმალური ფასი სრული შენახვის შიფრი შტრიხკოდი ბოლო ოპერაციის თარიღი ეგზემპლარის მიმდევრობითი ნომერი (კეტერი?) ფასის ძალაში შესვლის თარიღი ეგზემპლარის სახეობა საჯარო შენიშვნა
          ბათუმის შოთა რუსთაველის სახელმწიფო უნივერსიტეტის მთავარი ბიბლიოთეკა ბათუმის შოთა რუსთაველის სახელმწიფო უნივერსიტეტის მთავარი ბიბლიოთეკა წიგნსაცავი 2018-12-17 15.00 32.001 ჯ-69 40974 2018-12-17 40974 2018-12-17 წიგნი 15 ლ.
          ბათუმის შოთა რუსთაველის სახელმწიფო უნივერსიტეტის მთავარი ბიბლიოთეკა ბათუმის შოთა რუსთაველის სახელმწიფო უნივერსიტეტის მთავარი ბიბლიოთეკა წიგნსაცავი 2018-12-17 15.00 32.001 ჯ-69 40975 2018-12-17 40975 2018-12-17 წიგნი 15 ლ.
          ბათუმის შოთა რუსთაველის სახელმწიფო უნივერსიტეტის მთავარი ბიბლიოთეკა ბათუმის შოთა რუსთაველის სახელმწიფო უნივერსიტეტის მთავარი ბიბლიოთეკა წიგნსაცავი 2018-12-17 15.00 32.001 ჯ-69 40976 2018-12-17 40976 2018-12-17 წიგნი 15 ლ.
          ბათუმის შოთა რუსთაველის სახელმწიფო უნივერსიტეტის მთავარი ბიბლიოთეკა ბათუმის შოთა რუსთაველის სახელმწიფო უნივერსიტეტის მთავარი ბიბლიოთეკა წიგნსაცავი 2018-12-17 15.00 32.001 ჯ-69 40977 2018-12-17 40977 2018-12-17 წიგნი 15 ლ.
          ბათუმის შოთა რუსთაველის სახელმწიფო უნივერსიტეტის მთავარი ბიბლიოთეკა ბათუმის შოთა რუსთაველის სახელმწიფო უნივერსიტეტის მთავარი ბიბლიოთეკა წიგნსაცავი 2018-12-17 15.00 32.001 ჯ-69 40978 2018-12-17 40978 2018-12-17 წიგნი 15 ლ.
          ბათუმის შოთა რუსთაველის სახელმწიფო უნივერსიტეტის მთავარი ბიბლიოთეკა ბათუმის შოთა რუსთაველის სახელმწიფო უნივერსიტეტის მთავარი ბიბლიოთეკა წიგნსაცავი 2024-01-24 25.00 32.001 ჯ-69 34452 2024-01-24 34452 2024-01-24 წიგნი 25 ლ.
          ბათუმის შოთა რუსთაველის სახელმწიფო უნივერსიტეტის მთავარი ბიბლიოთეკა ბათუმის შოთა რუსთაველის სახელმწიფო უნივერსიტეტის მთავარი ბიბლიოთეკა წიგნსაცავი 2024-01-24 25.00 32.001 ჯ-69 34453 2024-01-24 34453 2024-01-24 წიგნი 25 ლ.